| 000 | 00462nam a22001697a 4500 | ||
|---|---|---|---|
| 005 | 20180117163332.0 | ||
| 008 | 140604s2012 sp ||||| |||| 00| 0 cat d | ||
| 020 | _a9788466415811 | ||
| 040 | _cCPC Girona | ||
| 100 |
_92677 _aGabancho, Patrícia |
||
| 245 | 1 | 3 | _aLa néta d'Adam |
| 260 |
_aBarcelona : _bColumna, _c2012 |
||
| 300 |
_a335 p. _c30 cm. |
||
| 500 | _aPremi Prudencia Bertrana 2012 | ||
| 650 | 4 |
_93139 _aPeriodistes catalans _vBiografia |
|
| 942 | _cMON | ||
| 999 |
_c6736 _d6736 |
||